[Event "Titled Tuesday intern op 16th Apr Late"]
[Site "Chess.com INT"]
[Date "2024.04.16"]
[Round "3"]
[White "Degtiarev, Evgeny"]
[Black "Gatterer, Florian"]
[Result "1-0"]
[WhiteElo "2391"]
[BlackElo "2170"]
[PlyCount "119"]
[EventDate "2024.04.16"]
[EventType "swiss (blitz)"]
[EventRounds "11"]
[EventCountry "USA"]
[SourceTitle "CB17_2024"]
[SourceDate "2024.04.24"]
[SourceVersion "1"]
[SourceVersionDate "2024.04.24"]
[SourceQuality "1"]

1. d4 Nf6 2. c4 g6 3. Nc3 d5 4. cxd5 Nxd5 5. e4 Nxc3 6. bxc3 Bg7 7. Qa4+ Qd7 8. Qb3 0-0 9. Be3 b6 10. Rd1 Bb7 11. f3 Kh8 12. Bb5 c6 13. Bd3 f5 14. Nh3 fxe4 15. Bxe4 Ba6 16. Ng5 e5 17. dxe5 Qe7 18. e6 Bf6 19. Nf7+ Kg8 20. Nh6+ Kh8 21. Ng4 Bg7 22. h4 h5 23. Nf2 Qf6 24. Bd4 Qe7 25. Bxg6 c5 26. Qd5 Bxd4 27. Qxh5+ Kg8 28. Bf7+ Rxf7 29. Qxf7+ Qxf7 30. exf7+ Kxf7 31. cxd4 c4 32. Ne4 Nc6 33. h5 Nb4 34. h6 Kg6 35. h7 Rh8 36. d5 Nd3+ 37. Kd2 Ne5 38. d6 Bc8 39. Kc3 Be6 40. f4 Nd7 41. Ng5 Bf5 42. Rde1 b5 43. Re7 Nc5 44. Nf7 a5 45. Nxh8+ Kf6 46. Rh6+ Bg6 47. Rxg6+ Kf5 48. Rf7+ Ke4 49. Re7+ Kd5 50. Rg5+ Kc6 51. Rxc5+ Kxc5 52. d7 b4+ 53. Kb2 b3 54. axb3 c3+ 55. Kxc3 a4 56. bxa4 Kc6 57. d8Q Kc5 58. Re5+ Kc6 59. Qf6+ Kb7 60. Re7+ 1-0

[Event "Titled Tuesday intern op 16th Apr Early"]
[Site "Chess.com INT"]
[Date "2024.04.16"]
[Round "5"]
[White "Gatterer, Florian"]
[Black "Harish, Neeraj"]
[Result "1-0"]
[WhiteElo "2170"]
[BlackElo "2213"]
[PlyCount "87"]
[EventDate "2024.04.16"]
[EventType "swiss (blitz)"]
[EventRounds "11"]
[EventCountry "USA"]
[SourceTitle "CB17_2024"]
[SourceDate "2024.04.24"]
[SourceVersion "1"]
[SourceVersionDate "2024.04.24"]
[SourceQuality "1"]

1. f4 d5 2. Nf3 Nf6 3. g3 c5 4. Ne5 Nc6 5. Nxc6 bxc6 6. Bg2 Bf5 7. d3 e6 8. 0-0 Be7 9. Nc3 h5 10. h3 Rb8 11. e4 Bh7 12. Qe2 h4 13. g4 Qc7 14. f5 Nd7 15. Bf4 e5 16. Bc1 d4 17. Nb1 c4 18. dxc4 Qd8 19. Kh1 Bg5 20. b3 0-0 21. Bxg5 Qxg5 22. Qd2 Qxd2 23. Nxd2 f6 24. Nf3 Kf7 25. Nxh4 a5 26. a4 Nc5 27. Rfd1 d3 28. cxd3 Nxb3 29. Rab1 Nd4 30. Nf3 Nxf3 31. Bxf3 Ke7 32. c5 Bg8 33. Rdc1 Bb3 34. Bd1 Bxd1 35. Rxd1 Kd7 36. Kg2 Kc7 37. h4 Rbd8 38. Kf2 Rd4 39. Rb6 Rxa4 40. Rdb1 Ra2+ 41. Ke3 a4 42. Rb7+ Kd8 43. Rb8+ Ke7 44. R1b7# 1-0

[Event "Titled Tuesday intern op 16th Apr Early"]
[Site "Chess.com INT"]
[Date "2024.04.16"]
[Round "2"]
[White "Gatterer, Florian"]
[Black "Liu, Kelsey"]
[Result "1-0"]
[WhiteElo "2170"]
[BlackElo "1946"]
[PlyCount "93"]
[EventDate "2024.04.16"]
[EventType "swiss (blitz)"]
[EventRounds "11"]
[EventCountry "USA"]
[SourceTitle "CB17_2024"]
[SourceDate "2024.04.24"]
[SourceVersion "1"]
[SourceVersionDate "2024.04.24"]
[SourceQuality "1"]

1. b3 Nf6 2. Bb2 c5 3. Nf3 Nc6 4. g3 b6 5. Bg2 Bb7 6. 0-0 d5 7. d4 e6 8. Nbd2 Be7 9. c4 0-0 10. cxd5 exd5 11. e3 Ne4 12. Nxe4 dxe4 13. Nd2 f5 14. dxc5 Bxc5 15. Nc4 Nb4 16. a3 Nd3 17. Bc3 Qe7 18. Qc2 Rac8 19. Rfd1 b5 20. Nb2 Ne5 21. b4 Bb6 22. Qb3+ Kh8 23. Bd4 Nf3+ 24. Bxf3 exf3 25. Bxb6 axb6 26. Nd3 Qf6 27. Qb2 Qf7 28. Rac1 Be4 29. Nf4 Kg8 30. Qe5 Rxc1 31. Rxc1 g5 32. Nh3 Qh5 33. Qe6+ Kh8 34. Qe5+ Kg8 35. Rc7 Qh6 36. Re7 Qc6 37. Qe6+ Qxe6 38. Rxe6 g4 39. Nf4 Rc8 40. h3 Rc1+ 41. Kh2 Rc2 42. hxg4 Rxf2+ 43. Kh3 fxg4+ 44. Kxg4 Rh2 45. Rf6 f2 46. Ne6 f1Q 47. Rxf1 1-0

[Event "Titled Tuesday intern op 12th Mar Late"]
[Site "Chess.com INT"]
[Date "2024.03.12"]
[Round "11"]
[White "Gatterer, Florian"]
[Black "Ambartsumova, Karina"]
[Result "0-1"]
[WhiteElo "2170"]
[BlackElo "2418"]
[PlyCount "134"]
[EventDate "2024.03.12"]
[EventType "swiss (blitz)"]
[EventRounds "11"]
[EventCountry "USA"]
[SourceTitle "CB12_2024"]
[SourceDate "2023.10.01"]
[SourceVersion "1"]
[SourceVersionDate "2023.10.01"]
[SourceQuality "1"]

1. f4 Nf6 2. Nf3 g6 3. d3 d5 4. g3 Bg7 5. Bg2 0-0 6. 0-0 b6 7. Ne5 Bb7 8. Nc3 Na6 9. e4 dxe4 10. dxe4 Qxd1 11. Rxd1 Nb4 12. Rd2 Rad8 13. Re2 Ba6 14. Rf2 Bb7 15. a3 Na6 16. Be3 Nb8 17. Rff1 Nc6 18. Nxc6 Bxc6 19. e5 Ng4 20. Bxc6 Nxe3 21. Rf2 a6 22. Re2 Nf5 23. Be4 Nd4 24. Rf2 e6 25. Rd1 c5 26. Kf1 f6 27. exf6 Bxf6 28. Bd3 a5 29. Ne4 Bg7 30. c3 Nf5 31. Re2 e5 32. Bc4+ Kh8 33. Rxd8 Rxd8 34. Kf2 exf4 35. gxf4 Rf8 36. Kf3 Bh6 37. Be6 Ng7 38. Bd5 Rxf4+ 39. Kg2 Nf5 40. Bb7 Rg4+ 41. Kh3 Rh4+ 42. Kg2 Bf4 43. h3 Rh5 44. Nf6 Rg5+ 45. Kf3 Bg3 46. Ng4 Bd6 47. Re8+ Kg7 48. Rd8 Be7 49. Rd7 h5 50. Ne3 Rg3+ 51. Kf2 Rxe3 52. Bf3 Re5 53. b4 axb4 54. axb4 cxb4 55. cxb4 Kf6 56. b5 Rxb5 57. Bc6 Rb2+ 58. Kf3 b5 59. h4 b4 60. Be4 Rb3+ 61. Kf2 Rc3 62. Ke2 b3 63. Rb7 Re3+ 64. Kd2 Rxe4 65. Rb6+ Re6 66. Rb7 Nxh4 67. Rb6 Rxb6 0-1

[Event "Titled Tuesday intern op 12th Mar Late"]
[Site "Chess.com INT"]
[Date "2024.03.12"]
[Round "2"]
[White "Rosen, Eric S"]
[Black "Gatterer, Florian"]
[Result "1-0"]
[WhiteElo "2361"]
[BlackElo "2170"]
[PlyCount "43"]
[EventDate "2024.03.12"]
[EventType "swiss (blitz)"]
[EventRounds "11"]
[EventCountry "USA"]
[SourceTitle "CB12_2024"]
[SourceDate "2023.10.01"]
[SourceVersion "1"]
[SourceVersionDate "2023.10.01"]
[SourceQuality "1"]

1. e4 c5 2. Nc3 d6 3. f4 g6 4. Nf3 Bg7 5. Bc4 e6 6. 0-0 Ne7 7. d4 cxd4 8. Nxd4 a6 9. Bb3 Nbc6 10. Be3 0-0 11. Kh1 Nxd4 12. Bxd4 Bxd4 13. Qxd4 Nc6 14. Qf2 Na5 15. Rad1 Nxb3 16. axb3 Qe7 17. Qd4 Rd8 18. e5 d5 19. Ne4 f5 20. exf6 Qc7 21. Ng5 e5 22. fxe5 1-0

[Event "Titled Tuesday intern op 27th Feb Late"]
[Site "Chess.com INT"]
[Date "2024.02.27"]
[Round "7"]
[White "Heinechen, John"]
[Black "Gatterer, Florian"]
[Result "1/2-1/2"]
[WhiteElo "1958"]
[BlackElo "2170"]
[PlyCount "62"]
[EventDate "2024.02.27"]
[EventType "swiss (blitz)"]
[EventRounds "11"]
[EventCountry "USA"]
[SourceTitle "CB10_2024"]
[SourceDate "2024.03.06"]
[SourceVersion "1"]
[SourceVersionDate "2024.03.06"]
[SourceQuality "1"]

1. Nf3 d6 2. g3 Nf6 3. Bg2 g6 4. 0-0 e5 5. d3 Bg7 6. c4 0-0 7. Nc3 Nc6 8. Rb1 a5 9. a3 h6 10. b4 axb4 11. axb4 Re8 12. Nd2 Nd4 13. e3 Ne6 14. Nd5 Nxd5 15. cxd5 Ng5 16. h4 Nh7 17. b5 Bd7 18. Nc4 b6 19. Bb2 g5 20. hxg5 Qxg5 21. Rc1 Bxb5 22. Qb3 Ba4 23. Qb4 Nf6 24. Nd2 Ra7 25. Ne4 Nxe4 26. dxe4 Bd7 27. Rc2 Qh5 28. Rfc1 Rc8 29. f4 Bg4 30. Kf2 exf4 31. exf4 Qg6 1/2-1/2

[Event "Titled Tuesday intern op 27th Feb Late"]
[Site "Chess.com INT"]
[Date "2024.02.27"]
[Round "2"]
[White "Marin Masis, Jose Esteban"]
[Black "Gatterer, Florian"]
[Result "1/2-1/2"]
[WhiteElo "1938"]
[BlackElo "2170"]
[PlyCount "78"]
[EventDate "2024.02.27"]
[EventType "swiss (blitz)"]
[EventRounds "11"]
[EventCountry "USA"]
[SourceTitle "CB10_2024"]
[SourceDate "2024.03.06"]
[SourceVersion "1"]
[SourceVersionDate "2024.03.06"]
[SourceQuality "1"]

1. e4 c5 2. Nf3 g6 3. d4 cxd4 4. Nxd4 Bg7 5. c4 Nc6 6. Be3 Qb6 7. Nb3 Qd8 8. Nc3 Bxc3+ 9. bxc3 Nf6 10. f3 d6 11. c5 d5 12. Bb5 0-0 13. Bxc6 bxc6 14. e5 Nd7 15. Qd4 e6 16. 0-0 a5 17. Bh6 Re8 18. Qe3 f6 19. f4 Ba6 20. Rf3 Bc4 21. Nd2 Ba6 22. Rg3 Qe7 23. exf6 Qxc5 24. Qxc5 Nxc5 25. Re3 Rab8 26. Nf3 Nd7 27. Bg5 Kf7 28. Ne5+ Nxe5 29. fxe5 Rb2 30. Rh3 h5 31. Bc1 Rb7 32. Ba3 Reb8 33. Re3 Rb1+ 34. Re1 Rxa1 35. Rxa1 Bd3 36. Bc5 Rb1+ 37. Rxb1 Bxb1 38. a3 a4 39. Kf2 Bc2 1/2-1/2

[Event "Titled Tuesday intern op 13th Feb Early"]
[Site "Chess.com INT"]
[Date "2024.02.13"]
[Round "8"]
[White "Baches Garcia, Guillermo"]
[Black "Gatterer, Florian"]
[Result "0-1"]
[WhiteElo "2319"]
[BlackElo "2170"]
[PlyCount "56"]
[EventDate "2024.02.13"]
[EventType "swiss (blitz)"]
[EventRounds "11"]
[EventCountry "USA"]
[SourceTitle "CB08_2024"]
[SourceDate "2024.02.21"]
[SourceVersion "1"]
[SourceVersionDate "2024.02.21"]
[SourceQuality "1"]

1. d4 Nf6 2. Nf3 g6 3. Bg5 Bg7 4. Nbd2 0-0 5. c3 d5 6. e3 h6 7. Bh4 g5 8. Bg3 Bf5 9. Be2 c6 10. 0-0 Nbd7 11. b4 a5 12. a4 Re8 13. Qb3 Ne4 14. Nxe4 Bxe4 15. Nd2 Bg6 16. b5 e5 17. Rfd1 f5 18. dxe5 Nxe5 19. Rac1 Bf7 20. c4 f4 21. exf4 Ng6 22. Bh5 gxf4 23. Bxg6 Bxg6 24. Bxf4 Bf7 25. Qg3 Qf6 26. cxd5 Bxd5 27. bxc6 bxc6 28. Nc4 Re4 0-1

[Event "Titled Tuesday intern op 13th Feb Early"]
[Site "Chess.com INT"]
[Date "2024.02.13"]
[Round "2"]
[White "Baum, Jonasz"]
[Black "Gatterer, Florian"]
[Result "1-0"]
[WhiteElo "2400"]
[BlackElo "2170"]
[PlyCount "83"]
[EventDate "2024.02.13"]
[EventType "swiss (blitz)"]
[EventRounds "11"]
[EventCountry "USA"]
[SourceTitle "CB08_2024"]
[SourceDate "2024.02.21"]
[SourceVersion "1"]
[SourceVersionDate "2024.02.21"]
[SourceQuality "1"]

1. d4 Nf6 2. c4 g6 3. Nc3 d5 4. cxd5 Nxd5 5. e4 Nxc3 6. bxc3 Bg7 7. Qa4+ c6 8. Nf3 b5 9. Qa3 0-0 10. Be2 a5 11. Be3 Nd7 12. 0-0 Bb7 13. e5 e6 14. h4 h6 15. Rfd1 Re8 16. g3 Nb6 17. Nd2 Nd5 18. Ne4 Nxe3 19. fxe3 b4 20. cxb4 axb4 21. Qxb4 Rb8 22. Qc3 c5 23. Nxc5 Qd5 24. Nxb7 Qxb7 25. Rf1 Rec8 26. Qd3 Bf8 27. h5 g5 28. Rf2 Rc7 29. Raf1 Bg7 30. Bd1 Qb5 31. Qe4 Qb7 32. Qxb7 Rbxb7 33. Bb3 Rb5 34. Kg2 Bf8 35. Bxe6 fxe6 36. Rxf8+ Kg7 37. R8f6 Rb2+ 38. R1f2 Rb1 39. Rg6+ Kh7 40. Rxe6 Kg7 41. Rg6+ Kh7 42. e6 1-0

[Event "Titled Tuesday intern op 13th Feb Early"]
[Site "Chess.com INT"]
[Date "2024.02.13"]
[Round "10"]
[White "Gatterer, Florian"]
[Black "Farberov, Maxim"]
[Result "0-1"]
[WhiteElo "2170"]
[BlackElo "1959"]
[PlyCount "62"]
[EventDate "2024.02.13"]
[EventType "swiss (blitz)"]
[EventRounds "11"]
[EventCountry "USA"]
[SourceTitle "CB08_2024"]
[SourceDate "2024.02.21"]
[SourceVersion "1"]
[SourceVersionDate "2024.02.21"]
[SourceQuality "1"]

1. f4 d5 2. Nf3 g6 3. g3 Bg7 4. Bg2 Nf6 5. 0-0 c5 6. Ne5 0-0 7. d3 Ng4 8. Nxg4 Bxg4 9. c4 Be6 10. Nc3 Bxc3 11. bxc3 Nc6 12. Be3 d4 13. cxd4 cxd4 14. Bd2 Qd7 15. Rb1 Rab8 16. Qa4 Bh3 17. Rb5 Bxg2 18. Kxg2 f6 19. Rfb1 e5 20. h3 Rfe8 21. Rd5 Qe6 22. fxe5 fxe5 23. Rf1 Rf8 24. Rxf8+ Rxf8 25. Bh6 Rf7 26. Qd1 e4 27. Qd2 e3 28. Qb2 Rf2+ 29. Kg1 Qxh3 30. Rd8+ Nxd8 31. Qxb7 Qh2# 0-1

[Event "Titled Tuesday intern op 06th Feb Late"]
[Site "Chess.com INT"]
[Date "2024.02.06"]
[Round "6"]
[White "Gatterer, Florian"]
[Black "Demina, Marya"]
[Result "1/2-1/2"]
[WhiteElo "2170"]
[BlackElo "1936"]
[PlyCount "88"]
[EventDate "2024.02.06"]
[EventType "swiss (blitz)"]
[EventRounds "11"]
[EventCountry "USA"]
[SourceTitle "CB07_2024"]
[SourceDate "2024.02.14"]
[SourceVersion "1"]
[SourceVersionDate "2024.02.14"]
[SourceQuality "1"]

1. f4 c5 2. Nf3 Nc6 3. g3 d5 4. Bg2 Nf6 5. 0-0 e6 6. d3 Bd6 7. c3 e5 8. fxe5 Nxe5 9. Nxe5 Bxe5 10. d4 Bd6 11. Bg5 Be7 12. Bxf6 Bxf6 13. dxc5 Be6 14. Qa4+ Kf8 15. Nd2 h6 16. Qc2 g6 17. Nf3 d4 18. cxd4 Bxd4+ 19. Nxd4 Qxd4+ 20. Kh1 Kg7 21. Rad1 Qe5 22. b3 Rac8 23. b4 b6 24. c6 h5 25. Rd3 Kh7 26. Qc3 Qxe2 27. a3 Rhd8 28. Re3 Qg4 29. h3 Qc4 30. Qxc4 Bxc4 31. Rc1 Bd5 32. Bxd5 Rxd5 33. Re7 Kg7 34. Rc3 Kf6 35. Rxa7 Rd2 36. Rf3+ Kg5 37. b5 Re8 38. Raxf7 Re1+ 39. Rf1 Ree2 40. h4+ Kh6 41. R1f4 Re1+ 42. Rf1 Ree2 43. R1f3 Re1+ 44. Rf1 Ree2 1/2-1/2

[Event "Titled Tuesday intern op 06th Feb Late"]
[Site "Chess.com INT"]
[Date "2024.02.06"]
[Round "1"]
[White "Gatterer, Florian"]
[Black "Vetoshko, Volodymyr"]
[Result "1/2-1/2"]
[WhiteElo "2170"]
[BlackElo "2529"]
[PlyCount "69"]
[EventDate "2024.02.06"]
[EventType "swiss (blitz)"]
[EventRounds "11"]
[EventCountry "USA"]
[SourceTitle "CB07_2024"]
[SourceDate "2024.02.14"]
[SourceVersion "1"]
[SourceVersionDate "2024.02.14"]
[SourceQuality "1"]

1. b3 d5 2. Bb2 Bf5 3. Nf3 Nf6 4. g3 e6 5. Bg2 h6 6. 0-0 Be7 7. c4 0-0 8. d3 c6 9. Nbd2 a5 10. a3 Bh7 11. Re1 Nbd7 12. Ne5 Nxe5 13. Bxe5 Nd7 14. Bb2 Bf6 15. Qc1 Re8 16. Bxf6 Qxf6 17. Ra2 Bg6 18. Qb2 Qxb2 19. Rxb2 b5 20. cxb5 cxb5 21. Rc1 Rec8 22. Rbc2 Nb6 23. Nf3 Rxc2 24. Rxc2 Rc8 25. Rxc8+ Nxc8 26. Nd4 Na7 27. f4 Kf8 28. Kf2 Ke7 29. e4 Kd6 30. b4 axb4 31. axb4 dxe4 32. dxe4 e5 33. fxe5+ Kxe5 34. Ke3 f6 35. Bf1 1/2-1/2

[Event "Titled Tuesday intern op 06th Feb Early"]
[Site "Chess.com INT"]
[Date "2024.02.06"]
[Round "10"]
[White "Gatterer, Florian"]
[Black "Vifleemskaia, Svetlana"]
[Result "1-0"]
[WhiteElo "2170"]
[BlackElo "1903"]
[PlyCount "79"]
[EventDate "2024.02.06"]
[EventType "swiss (blitz)"]
[EventRounds "11"]
[EventCountry "USA"]
[SourceTitle "CB07_2024"]
[SourceDate "2024.02.14"]
[SourceVersion "1"]
[SourceVersionDate "2024.02.14"]
[SourceQuality "1"]

1. f4 e5 2. fxe5 d6 3. exd6 Bxd6 4. Nf3 g5 5. g3 g4 6. Nh4 Ne7 7. d4 Ng6 8. Ng2 f5 9. e3 h5 10. Nf4 Qf6 11. Bb5+ c6 12. Bc4 h4 13. 0-0 hxg3 14. hxg3 Nxf4 15. exf4 Qh6 16. Qe2+ Kd8 17. Qg2 Be6 18. Nd2 Nd7 19. b3 Nb6 20. Bxe6 Qxe6 21. c4 c5 22. Bb2 Rh3 23. Rae1 Qh6 24. d5 Kc7 25. Re6 Qh5 26. Rfe1 Rd8 27. Nf1 Kc8 28. a4 Na8 29. a5 Nc7 30. Rxd6 Rxd6 31. Be5 Rh6 32. d6 Ne6 33. a6 Nd8 34. axb7+ Nxb7 35. d7+ Kxd7 36. Qxb7+ Ke8 37. Bg7+ Kd8 38. Qb8+ Kd7 39. Qb7+ Kd6 40. Bxh6 1-0

[Event "Titled Tuesday intern op 06th Feb Early"]
[Site "Chess.com INT"]
[Date "2024.02.06"]
[Round "2"]
[White "Gatterer, Florian"]
[Black "Volkov, Maksim"]
[Result "0-1"]
[WhiteElo "2170"]
[BlackElo "2302"]
[PlyCount "120"]
[EventDate "2024.02.06"]
[EventType "swiss (blitz)"]
[EventRounds "11"]
[EventCountry "USA"]
[SourceTitle "CB07_2024"]
[SourceDate "2024.02.14"]
[SourceVersion "1"]
[SourceVersionDate "2024.02.14"]
[SourceQuality "1"]

1. b3 e5 2. c4 b5 3. cxb5 a6 4. bxa6 d5 5. a7 Rxa7 6. Bb2 Bd6 7. Nf3 Qe7 8. e3 Nf6 9. Bb5+ c6 10. Be2 0-0 11. d3 Na6 12. 0-0 Rd7 13. Nc3 Bb7 14. d4 e4 15. Ne5 Bxe5 16. dxe5 Qxe5 17. Na4 Qg5 18. Bxa6 Bxa6 19. Bxf6 Qxf6 20. Nc5 Ra7 21. Nxa6 Rxa6 22. Qc2 Rfa8 23. Rfc1 h5 24. h3 h4 25. a4 Qg5 26. Kh1 Rb8 27. Rab1 Qe7 28. Qc5 Qxc5 29. Rxc5 Kf8 30. Kh2 Ke7 31. Rcc1 Kd6 32. g3 Rh8 33. gxh4 Rxh4 34. Ra1 Rh8 35. b4 Rb8 36. b5 cxb5 37. axb5 Rxa1 38. Rxa1 Rxb5 39. Ra7 Ke6 40. Ra6+ Kf5 41. Ra7 Kg6 42. Ra6+ f6 43. Rd6 Kf5 44. Rd7 g5 45. Kg3 Ke6 46. Rd8 Rb2 47. Re8+ Kf5 48. Rd8 Rd2 49. Rd7 Rd3 50. Kg2 Ke6 51. Rd8 f5 52. Re8+ Kf7 53. Rd8 f4 54. exf4 gxf4 55. Rd7+ Ke6 56. Rd8 d4 57. Re8+ Kf5 58. h4 Ra3 59. h5 d3 60. h6 Ra7 0-1

[Event "Titled Tuesday intern op 09th Jan Early"]
[Site "Chess.com INT"]
[Date "2024.01.09"]
[Round "4"]
[White "Gatterer, Florian"]
[Black "Leiva Rodriguez, Jeammarco Giuseppe"]
[Result "0-1"]
[WhiteElo "2170"]
[BlackElo "2398"]
[PlyCount "108"]
[EventDate "2024.01.09"]
[EventType "swiss (blitz)"]
[EventRounds "11"]
[EventCountry "USA"]
[SourceTitle "CB03_2024"]
[SourceDate "2024.01.17"]
[SourceVersion "1"]
[SourceVersionDate "2024.01.17"]
[SourceQuality "1"]

1. b3 d5 2. Nf3 Nf6 3. Bb2 Bf5 4. d3 e6 5. g3 Nbd7 6. Bg2 a5 7. a4 Bb4+ 8. Nbd2 0-0 9. 0-0 c6 10. Nd4 Bg6 11. f4 e5 12. f5 exd4 13. fxg6 hxg6 14. Bxd4 Bc5 15. Bxc5 Nxc5 16. h3 Qd6 17. Qe1 Rfe8 18. Qf2 Re7 19. Rae1 Rae8 20. Bf3 Re3 21. Kg2 R8e7 22. Kh2 Ncd7 23. Ne4 dxe4 24. Qxe3 exf3 25. Qxf3 Qc5 26. e4 Qxc2+ 27. Qg2 Qxd3 28. Rd1 Qxb3 29. Rb1 Qxa4 30. Rxb7 Qxe4 31. Qxe4 Rxe4 32. Ra1 Re2+ 33. Kg1 Ne5 34. Rxa5 g5 35. Rb3 Nd5 36. Rc5 f6 37. Kf1 Rh2 38. h4 gxh4 39. gxh4 Rxh4 40. Rb7 Kh7 41. Kg2 Kg6 42. Kg3 Ra4 43. Rb8 Kf5 44. Re8 Ra3+ 45. Kf2 g5 46. Ke2 Ke4 47. Rc1 Ra2+ 48. Kf1 Kf3 49. Rf8 g4 50. Kg1 g3 51. Rg8 Ne3 52. Re1 N5g4 53. Kh1 Rh2+ 54. Kg1 Rg2+ 0-1

[Event "Titled Tuesday intern op 14th Nov Early"]
[Site "Chess.com INT"]
[Date "2023.11.14"]
[Round "1"]
[White "Salinas Herrera, Pablo Patricio"]
[Black "Gatterer, Florian"]
[Result "1-0"]
[WhiteElo "2463"]
[BlackElo "2170"]
[PlyCount "77"]
[EventDate "2023.11.14"]
[EventType "swiss (blitz)"]
[EventRounds "11"]
[EventCountry "USA"]
[SourceTitle "CB47_2023"]
[SourceDate "2023.11.22"]
[SourceVersion "1"]
[SourceVersionDate "2023.11.22"]
[SourceQuality "1"]

1. d4 Nf6 2. Nf3 g6 3. Nbd2 d5 4. e3 Bg7 5. b4 a5 6. b5 a4 7. Ba3 0-0 8. c4 c6 9. bxc6 bxc6 10. Be2 Re8 11. 0-0 Bf5 12. Ne5 Nfd7 13. Ndf3 Nxe5 14. Nxe5 Bxe5 15. dxe5 Qc7 16. cxd5 Qxe5 17. dxc6 Nxc6 18. Bf3 Be4 19. Bxe4 Qxe4 20. Rc1 Ne5 21. Qc2 Qg4 22. f3 Qe6 23. Bb2 f6 24. Bd4 Kf7 25. Rb1 Rec8 26. Qe2 Nc6 27. Ba1 Ne5 28. h3 Rc4 29. f4 Nd7 30. f5 Qe4 31. fxg6+ hxg6 32. Rbd1 Rc2 33. Rd2 Rxd2 34. Qxd2 Ne5 35. Bd4 Rc8 36. Rf2 Rc4 37. Qe2 Rc6 38. Kh2 Qb1 39. Bxe5 1-0

[Event "Titled Tuesday intern op 19th Sep Late"]
[Site "Chess.com INT"]
[Date "2023.09.19"]
[Round "1"]
[White "Ashraf, Artin"]
[Black "Gatterer, Florian"]
[Result "1-0"]
[WhiteElo "2340"]
[BlackElo "2170"]
[PlyCount "83"]
[EventDate "2023.09.19"]
[EventType "swiss (blitz)"]
[EventRounds "11"]
[EventCountry "USA"]
[SourceTitle "EXT 2024"]
[Source "ChessBase"]
[SourceDate "2023.10.10"]
[SourceVersion "1"]
[SourceVersionDate "2023.10.10"]
[SourceQuality "1"]

1. e4 c5 2. Nf3 e6 3. b3 a6 4. Bb2 Nc6 5. c4 Nf6 6. e5 Ng4 7. h3 Nh6 8. g3 Nf5 9. Bg2 Be7 10. 0-0 0-0 11. Nc3 f6 12. Ne4 fxe5 13. Nxe5 Nxe5 14. Bxe5 d6 15. Bb2 Bd7 16. d4 cxd4 17. Bxd4 Nxd4 18. Qxd4 Bc6 19. Rad1 Qa5 20. Nxd6 Bxg2 21. Kxg2 Bxd6 22. Qxd6 Qxa2 23. Qxe6+ Kh8 24. Rd3 Rae8 25. Qd5 b6 26. Rf3 h6 27. Rxf8+ Rxf8 28. Qd6 Re8 29. Qxb6 Qe2 30. Qxa6 Qe4+ 31. Kg1 Rf8 32. Qb5 Rf3 33. Qd5 Qe2 34. b4 Rd3 35. Qa8+ Kh7 36. c5 Rd2 37. c6 Rd1 38. Rxd1 Qxd1+ 39. Kh2 Qd5 40. Qa6 Qf3 41. Qb6 Qxf2+ 42. Qxf2 1-0

[Event "Titled Tuesday intern op 12th Sep Early"]
[Site "Chess.com INT"]
[Date "2023.09.12"]
[Round "1"]
[White "Gatterer, Florian"]
[Black "Boruchovsky, Avital"]
[Result "0-1"]
[WhiteElo "2170"]
[BlackElo "2536"]
[PlyCount "48"]
[EventDate "2023.09.12"]
[EventType "swiss (blitz)"]
[EventRounds "11"]
[EventCountry "USA"]
[SourceTitle "EXT 2024"]
[Source "ChessBase"]
[SourceDate "2023.10.10"]
[SourceVersion "1"]
[SourceVersionDate "2023.10.10"]
[SourceQuality "1"]

1. Nf3 d5 2. d4 g6 3. g3 Bg7 4. Bg2 c5 5. c3 Nf6 6. 0-0 0-0 7. Bf4 Ne4 8. Nbd2 cxd4 9. cxd4 Nc6 10. Nxe4 dxe4 11. Ne5 Nxd4 12. Bxe4 Bh3 13. Re1 Qb6 14. Nd3 Rac8 15. Be3 Rfd8 16. Qa4 Bd7 17. Bxd4 Bxd4 18. Qa3 Bb5 19. e3 Bf6 20. Nf4 e6 21. Rac1 Ba6 22. Rxc8 Rxc8 23. b3 Qd8 24. Qb4 Bc3 0-1

[Event "Titled Tuesday intern op 12th Sep Late"]
[Site "Chess.com INT"]
[Date "2023.09.12"]
[Round "6"]
[White "Gatterer, Florian"]
[Black "Janzelj, Tim"]
[Result "0-1"]
[WhiteElo "2170"]
[BlackElo "2457"]
[PlyCount "70"]
[EventDate "2023.09.12"]
[EventType "swiss (blitz)"]
[EventRounds "11"]
[EventCountry "USA"]
[SourceTitle "EXT 2024"]
[Source "ChessBase"]
[SourceDate "2023.10.10"]
[SourceVersion "1"]
[SourceVersionDate "2023.10.10"]
[SourceQuality "1"]

1. Nf3 Nf6 2. g3 d5 3. Bg2 Bf5 4. 0-0 e6 5. c4 c6 6. Qb3 Qb6 7. d3 Nbd7 8. Qc2 h6 9. cxd5 cxd5 10. Be3 Bc5 11. Bxc5 Nxc5 12. Nc3 0-0 13. Na4 Nxa4 14. Qxa4 Qxb2 15. Nd4 b5 16. Nxb5 Qxe2 17. Rad1 a6 18. Nd4 Qh5 19. f3 Bh3 20. Nc6 Bxg2 21. Kxg2 Rfe8 22. d4 Qf5 23. Rf2 h5 24. h4 Kh8 25. Re2 Qh7 26. Ne5 Qg8 27. Rb2 Re7 28. Rdb1 Rc7 29. Rb7 Rac8 30. Rxc7 Rxc7 31. Qxa6 Kh7 32. Rb7 Rc2+ 33. Kh3 Qc8 34. Rxf7 Qxa6 35. Rxf6 Qf1# 0-1